[Event "Collado Villalba op 39th"]
[Site "Collado Villalba"]
[Date "2022.08.27"]
[Round "8"]
[White "Bartolome Benito, Alejandro"]
[Black "Alvarez Gonzalez, Eduardo"]
[Result "1-0"]
[WhiteElo "1595"]
[BlackElo "1671"]
[PlyCount "75"]
[EventDate "2022.08.20"]
[EventType "swiss"]
[EventRounds "9"]
[EventCountry "ESP"]
[SourceTitle "EXT 2023"]
[Source "ChessBase"]
[SourceDate "2022.10.05"]
[SourceVersion "1"]
[SourceVersionDate "2022.10.05"]
[SourceQuality "1"]

1. e4 c6 2. d4 d5 3. exd5 cxd5 4. Bd3 Nc6 5. c3 Nf6 6. Bf4 Bg4 7. Qb3 Qd7 8. Nd2 e6 9. Ngf3 Bxf3 10. Nxf3 Nh5 11. Ne5 Qc7 12. Nxc6 Nxf4 13. Ne5 Nxd3+ 14. Nxd3 Bd6 15. g3 0-0 16. 0-0 Rac8 17. f4 g6 18. Rae1 Qc4 19. Ne5 Qc7 20. h4 h5 21. Qc2 Kg7 22. g4 hxg4 23. h5 Bxe5 24. Rxe5 gxh5 25. Qh2 Rh8 26. Qh4 Qd8 27. Rg5+ Kf8 28. f5 Ke7 29. fxe6 fxe6 30. Rxd5+ Ke8 31. Rxd8+ Rxd8 32. Qf6 Kd7 33. Qf7+ Kd6 34. Qxb7 Rd7 35. Qa6+ Ke7 36. Re1 Rh6 37. Qc8 Rg6 38. Rf1 1-0

[Event "San Sebastian Constitucion op"]
[Site "San Sebastian de los Reyes"]
[Date "2021.12.08"]
[Round "5"]
[White "Lozano Hernanz, Rodrigo"]
[Black "Alvarez Gonzalez, Eduardo"]
[Result "1-0"]
[WhiteElo "1361"]
[BlackElo "1732"]
[PlyCount "85"]
[EventDate "2021.12.04"]
[EventType "swiss"]
[EventRounds "8"]
[EventCountry "ESP"]
[SourceTitle "CBM 206 Extra"]
[Source "ChessBase"]
[SourceDate "2022.03.31"]
[SourceVersion "1"]
[SourceVersionDate "2022.03.31"]
[SourceQuality "1"]

1. e4 c6 2. d4 d5 3. exd5 cxd5 4. Nf3 Bg4 5. Bf4 e6 6. Nc3 Nc6 7. Bb5 Nf6 8. h3 Bxf3 9. Qxf3 a6 10. Bxc6+ bxc6 11. 0-0 Be7 12. Ne2 0-0 13. Qc3 c5 14. f3 Rc8 15. Qd3 Qb6 16. c3 Rc6 17. a3 a5 18. Be3 Nd7 19. dxc5 Bxc5 20. Nd4 Rfc8 21. Kh1 R6c7 22. b4 axb4 23. axb4 Bxd4 24. Bxd4 Qb8 25. Ra3 e5 26. Bg1 Qb7 27. Rd1 Nf6 28. Qe3 e4 29. Ra7 Qc6 30. Rxc7 Rxc7 31. fxe4 Qxc3 32. Qxc3 Rxc3 33. exd5 Nd7 34. Bd4 Rb3 35. Bc5 f6 36. Re1 Ne5 37. Ra1 Nd3 38. d6 Nxb4 39. Bxb4 Rxb4 40. d7 Rb8 41. Rc1 Kf7 42. Rc8 Rb1+ 43. Kh2 1-0

[Event "San Sebastian de los Reyes op 20th"]
[Site "San Sebastian"]
[Date "2018.12.05"]
[Round "5"]
[White "Cabanas Bravo, Juan Andres"]
[Black "Alvarez Gonzalez, Eduardo"]
[Result "1-0"]
[WhiteElo "1963"]
[BlackElo "1798"]
[PlyCount "93"]
[EventDate "2018.12.01"]
[EventType "swiss"]
[EventRounds "9"]
[EventCountry "ESP"]
[SourceTitle "CBM 187 Extra"]
[Source "ChessBase"]
[SourceDate "2018.11.04"]
[SourceVersion "1"]
[SourceVersionDate "2018.11.04"]
[SourceQuality "1"]

1. e4 c6 2. Nc3 d5 3. Nf3 Bg4 4. h3 Bxf3 5. Qxf3 dxe4 6. Nxe4 Nd7 7. d4 Ngf6 8. Ng3 e6 9. Bd3 Bd6 10. 0-0 0-0 11. Rd1 Qc7 12. Ne2 c5 13. c3 Rad8 14. Bg5 Be7 15. Bf4 Bd6 16. Bxd6 Qxd6 17. Qxb7 Rb8 18. Qxa7 Rxb2 19. Rab1 Rfb8 20. Rxb2 Rxb2 21. a4 cxd4 22. cxd4 g6 23. Bb5 Qb6 24. Qa8+ Kg7 25. Qc8 Qa5 26. Ng3 Nb6 27. Qd8 Nc4 28. Qxa5 Nxa5 29. Kf1 Nd5 30. Ne4 Rb4 31. Ke1 Nb3 32. Rb1 Nxd4 33. Rxb4 Nxb4 34. Kd2 Nxb5 35. axb5 Nd5 36. Kd3 Kf8 37. Kd4 Ke7 38. Kc5 f5 39. Ng5 h6 40. Nf3 Nf6 41. Ne5 g5 42. Kc6 Nd5 43. b6 Nb4+ 44. Kb5 Nd5 45. b7 Nc7+ 46. Kb6 Nd5+ 47. Ka7 1-0

[Event "San Sebastian de los Reyes op 20th"]
[Site "San Sebastian"]
[Date "2018.12.04"]
[Round "4"]
[White "Martinez Miura, Enrique"]
[Black "Alvarez Gonzalez, Eduardo"]
[Result "0-1"]
[WhiteElo "1627"]
[BlackElo "1798"]
[PlyCount "78"]
[EventDate "2018.12.01"]
[EventType "swiss"]
[EventRounds "9"]
[EventCountry "ESP"]
[SourceTitle "CBM 187 Extra"]
[Source "ChessBase"]
[SourceDate "2018.11.04"]
[SourceVersion "1"]
[SourceVersionDate "2018.11.04"]
[SourceQuality "1"]

1. e4 c6 2. d4 d5 3. Nc3 dxe4 4. Nxe4 Bf5 5. Ng3 Bg6 6. Nf3 Nd7 7. Bd3 Ngf6 8. 0-0 Qc7 9. Re1 e6 10. c4 Be7 11. a3 0-0 12. Bxg6 hxg6 13. Bg5 Bd6 14. Ne4 Nxe4 15. Rxe4 Nf6 16. Re2 Rfe8 17. Qd2 Rad8 18. Qc3 Be7 19. Ne5 c5 20. dxc5 Qxc5 21. b4 Qc7 22. Rc1 Ne4 23. Rxe4 Bxg5 24. f4 Bf6 25. Qe3 a6 26. Qe2 Rd6 27. Rd1 Red8 28. Rxd6 Rxd6 29. c5 Rd5 30. Nc4 Qd8 31. Nd6 Qd7 32. h3 Bd8 33. Re5 Qc6 34. Re4 Bc7 35. Nxf7 Kxf7 36. Rxe6 Qd7 37. Re4 g5 38. Qc4 Bxf4 39. Kh1 Kf8 0-1

[Event "Madrid Chamartin op 7th"]
[Site "Madrid"]
[Date "2018.09.04"]
[Round "3"]
[White "Cabanas Bravo, Juan Andres"]
[Black "Alvarez Gonzalez, Eduardo"]
[Result "1/2-1/2"]
[WhiteElo "1962"]
[BlackElo "1807"]
[PlyCount "138"]
[EventDate "2018.09.03"]
[EventType "swiss"]
[EventRounds "9"]
[EventCountry "ESP"]
[SourceTitle "CBM 187 Extra"]
[Source "ChessBase"]
[SourceDate "2018.11.04"]
[SourceVersion "1"]
[SourceVersionDate "2018.11.04"]
[SourceQuality "1"]

1. e4 c6 2. d4 d5 3. f3 e6 4. Nc3 Bb4 5. Nge2 Nf6 6. e5 Nfd7 7. a3 Be7 8. Be3 c5 9. f4 Nc6 10. Qd2 a6 11. Na4 cxd4 12. Nxd4 Qa5 13. Nxc6 Qxd2+ 14. Kxd2 bxc6 15. b4 0-0 16. Bd3 f6 17. Bd4 fxe5 18. fxe5 Bb7 19. c4 Rfc8 20. c5 Rf8 21. g3 Rf3 22. Rhf1 Raf8 23. Rxf3 Rxf3 24. Rf1 Rxf1 25. Bxf1 Bd8 26. Nb2 Nb8 27. a4 Kf7 28. Nd3 Bc8 29. Kc3 Bd7 30. Be3 h6 31. a5 g5 32. Be2 Kg6 33. g4 Be7 34. Kd4 Bd8 35. Nb2 Bc8 36. Na4 Bb7 37. Bd3+ Kg7 38. Kc3 Be7 39. Nb6 Bd8 40. Kd4 Be7 41. Bf2 Kf7 42. Na4 Kg7 43. Nc3 Nd7 44. Nd1 Bd8 45. Ne3 Nf8 46. Bg3 Bc8 47. Ng2 Ng6 48. Ke3 Bc7 49. Bxg6 Kxg6 50. h4 Bd8 51. Kf3 Be7 52. h5+ Kf7 53. Ne1 Bb7 54. Nd3 Bc8 55. Nb2 Bd8 56. Na4 Bb7 57. Ke3 Ke8 58. Kd4 Kd7 59. Nb6+ Kc7 60. Bf2 Be7 61. Be3 Kd8 62. Na4 Ke8 63. Nc3 Bd8 64. Ne2 Kf7 65. Ng3 Bc8 66. Ne2 Bb7 67. Nc3 Ke8 68. Na4 Kd7 69. Nb6+ Kc7 1/2-1/2

[Event "Tres Cantos op 10th"]
[Site "Tres Cantos"]
[Date "2018.06.24"]
[Round "4.18"]
[White "Alvarez Gonzalez, Eduardo"]
[Black "Lopez de Turiso, Jose Angel"]
[Result "0-1"]
[WhiteElo "1829"]
[BlackElo "2033"]
[PlyCount "84"]
[EventDate "2018.06.21"]
[EventType "swiss"]
[EventRounds "9"]
[EventCountry "ESP"]
[SourceTitle "EXT 2024"]
[Source "ChessBase"]
[SourceDate "2023.10.10"]
[SourceVersion "1"]
[SourceVersionDate "2023.10.10"]
[SourceQuality "1"]

1. d4 Nf6 2. Nf3 d6 3. c4 Bg4 4. Nc3 e6 5. e4 c6 6. Be2 d5 7. e5 Nfd7 8. c5 b6 9. b4 a5 10. Qa4 b5 11. Qa3 Na6 12. Qb2 Nxb4 13. Qd2 Be7 14. a3 Na6 15. Nd1 f6 16. exf6 Bxf6 17. Bb2 0-0 18. 0-0 Bxf3 19. Bxf3 e5 20. dxe5 Nxe5 21. Bxe5 Bxe5 22. Rc1 Bf4 23. Ne3 Qf6 24. Qd3 Rad8 25. Rc2 a4 26. h3 Bc7 27. Ng4 Qf4 28. Qe3 h5 29. Qxf4 Bxf4 30. Ne3 g6 31. Rd1 Rfe8 32. Nf1 Re7 33. Rd4 Bh6 34. Ng3 Bg7 35. Rd1 Rde8 36. Kf1 Re5 37. Ne2 R5e7 38. g3 Rf7 39. Bg2 Nc7 40. Nd4 Bxd4 41. Rxd4 Ne6 42. Rd3 Kg7 0-1

[Event "Tres Cantos op 10th"]
[Site "Tres Cantos"]
[Date "2018.06.22"]
[Round "2.18"]
[White "Varela la Madrid, Tilsia Carolin"]
[Black "Alvarez Gonzalez, Eduardo"]
[Result "1-0"]
[WhiteElo "2039"]
[BlackElo "1829"]
[PlyCount "61"]
[EventDate "2018.06.21"]
[EventType "swiss"]
[EventRounds "9"]
[EventCountry "ESP"]
[SourceTitle "EXT 2024"]
[Source "ChessBase"]
[SourceDate "2023.10.10"]
[SourceVersion "1"]
[SourceVersionDate "2023.10.10"]
[SourceQuality "1"]

1. e4 c6 2. d4 d5 3. Nc3 dxe4 4. Nxe4 Bf5 5. Ng3 Bg6 6. h4 h6 7. h5 Bh7 8. Nf3 Nd7 9. Bd3 Bxd3 10. Qxd3 e6 11. Bf4 Qa5+ 12. Bd2 Qc7 13. 0-0-0 Ngf6 14. c4 0-0-0 15. Qe2 Bd6 16. Ne4 Bf4 17. c5 Bxd2+ 18. Nfxd2 Nxe4 19. Nxe4 Nf6 20. Nd6+ Kb8 21. Rh3 Rhg8 22. Rb3 b5 23. a4 a6 24. axb5 cxb5 25. Rxb5+ axb5 26. Qxb5+ Ka8 27. Qa6+ Qa7 28. Qc6+ Kb8 29. Rd3 Qa1+ 30. Kc2 Rxd6 31. Rb3+ 1-0

[Event "San Sebastian de los Reyes op 19th"]
[Site "San Sebastian"]
[Date "2017.12.07"]
[Round "6"]
[White "Alvarez Gonzalez, Eduardo"]
[Black "Cardenas Serrano, Sergio"]
[Result "0-1"]
[WhiteElo "1789"]
[BlackElo "2123"]
[PlyCount "52"]
[EventDate "2017.12.02"]
[EventType "swiss"]
[EventRounds "9"]
[EventCountry "ESP"]
[SourceTitle "CBM 182 Extra"]
[Source "ChessBase"]
[SourceDate "2018.02.23"]
[SourceVersion "1"]
[SourceVersionDate "2018.02.23"]
[SourceQuality "1"]

1. d4 Nf6 2. Nf3 g6 3. c4 Bg7 4. Nc3 0-0 5. e4 d6 6. Be2 Na6 7. 0-0 e5 8. Rb1 Bg4 9. Be3 exd4 10. Nxd4 Bxe2 11. Qxe2 Nc5 12. f3 Re8 13. Rfd1 Qe7 14. Qd2 c6 15. Re1 Rad8 16. Rbd1 Qc7 17. Qc2 a6 18. Bf2 Nh5 19. b4 Nd7 20. Nb3 Ne5 21. c5 dxc5 22. Bxc5 Nf4 23. Bd4 Qe7 24. a3 Qg5 25. Rf1 Nc4 26. Qf2 Nh3+ 0-1

[Event "Tres Cantos op 9th"]
[Site "Tres Cantos"]
[Date "2017.06.27"]
[Round "6"]
[White "Krause Llorente, Paul"]
[Black "Alvarez Gonzalez, Eduardo"]
[Result "0-1"]
[WhiteElo "1519"]
[BlackElo "1783"]
[PlyCount "137"]
[EventDate "2017.06.22"]
[EventType "swiss"]
[EventRounds "9"]
[EventCountry "ESP"]
[SourceTitle "EXT 2019"]
[Source "ChessBase"]
[SourceDate "2018.10.10"]
[SourceVersion "1"]
[SourceVersionDate "2018.10.10"]
[SourceQuality "1"]

1. d4 Nf6 2. Bg5 e6 3. e4 h6 4. Bxf6 Qxf6 5. Nf3 b6 6. Nbd2 Bb7 7. Bd3 d6 8. c3 Nd7 9. Qa4 Qd8 10. 0-0 Be7 11. Rfe1 a6 12. b4 0-0 13. Qd1 e5 14. Nc4 Bf6 15. Ne3 g6 16. d5 Bg7 17. a4 Nf6 18. Qb3 a5 19. b5 Nd7 20. c4 Nc5 21. Qc2 Bc8 22. g4 Qf6 23. Kg2 Qf4 24. h3 Bf6 25. Nf1 h5 26. N3h2 hxg4 27. hxg4 Bxg4 28. Nxg4 Qxg4+ 29. Ng3 Kg7 30. Be2 Qf4 31. Rh1 Rh8 32. Rag1 Rxh1 33. Rxh1 Rh8 34. Rxh8 Kxh8 35. Bd3 Bh4 36. Qd1 Kg7 37. Bc2 Bxg3 38. fxg3 Qe3 39. Qf3 Qd2+ 40. Qf2 Qb4 41. g4 Qxc4 42. g5 Nxe4 43. Bxe4 Qxe4+ 44. Kg3 Qf5 45. Qe3 f6 46. gxf6+ Kxf6 47. Qc3 Qf4+ 48. Kg2 Qe4+ 49. Kh3 Qf4 50. Kg2 Qg4+ 51. Kh2 Qd7 52. Kg3 Kg7 53. Kh4 Qe7+ 54. Kg4 Kg8 55. Kf3 Qf7+ 56. Ke2 Kg7 57. Qc4 g5 58. Ke1 Kh6 59. Qg4 Qf4 60. Qe6+ Kh5 61. Qd7 Qe3+ 62. Kf1 Qd3+ 63. Kg1 Qxd5 64. Qxc7 Qc5+ 65. Qxc5 dxc5 66. Kf2 g4 67. Kg3 c4 68. Kg2 c3 69. Kf2 0-1

[Event "Tres Cantos op 9th"]
[Site "Tres Cantos"]
[Date "2017.06.25"]
[Round "4"]
[White "Alvarez Gonzalez, Eduardo"]
[Black "Lopez de Turiso, Jose Angel"]
[Result "0-1"]
[WhiteElo "1783"]
[BlackElo "2061"]
[PlyCount "118"]
[EventDate "2017.06.22"]
[EventType "swiss"]
[EventRounds "9"]
[EventCountry "ESP"]
[SourceTitle "EXT 2019"]
[Source "ChessBase"]
[SourceDate "2018.10.10"]
[SourceVersion "1"]
[SourceVersionDate "2018.10.10"]
[SourceQuality "1"]

1. d4 f5 2. g3 Nf6 3. Bg2 d6 4. Nf3 g6 5. c4 Bg7 6. Nc3 0-0 7. 0-0 Nc6 8. d5 Ne5 9. Qb3 Nxf3+ 10. Bxf3 Nd7 11. Bf4 Nc5 12. Qc2 e5 13. dxe6 Nxe6 14. Bd2 f4 15. Bg2 Nd4 16. Bd5+ Kh8 17. Qd1 fxg3 18. hxg3 Bh3 19. Bg2 Qd7 20. Be3 Bxg2 21. Kxg2 Qc6+ 22. Kg1 Qxc4 23. Rc1 c5 24. b3 Qe6 25. Bxd4 Bxd4 26. e3 Be5 27. Qd5 Qd7 28. Rfd1 Rad8 29. Kg2 Bxc3 30. Rxc3 Rf5 31. Qc4 Rdf8 32. f4 Rh5 33. Rg1 Qc6+ 34. e4 b5 35. Qe2 d5 36. exd5 Rxd5 37. Kf2 Rfd8 38. Rc2 Re8 39. Qf3 Qd6 40. Qc3+ Kg8 41. Re1 Rd8 42. Ree2 a6 43. Qe1 Rd3 44. Re8+ Rxe8 45. Qxe8+ Kg7 46. Qe4 Rd2+ 47. Kf3 Rxc2 48. Qxc2 Qd5+ 49. Qe4 Qxe4+ 50. Kxe4 Kf6 51. Kd5 Kf5 52. Kxc5 Kg4 53. Kb6 Kxg3 54. Kxa6 h5 55. a4 bxa4 56. bxa4 h4 57. Kb7 h3 58. a5 h2 59. a6 h1Q+ 0-1

[Event "San Sebastian de los Reyes op 18th"]
[Site "San Sebastian"]
[Date "2016.12.11"]
[Round "9"]
[White "Alvarez Gonzalez, Eduardo"]
[Black "Osuna Osuna, Francisco"]
[Result "1-0"]
[WhiteElo "1816"]
[BlackElo "1441"]
[PlyCount "119"]
[EventDate "2016.12.03"]
[EventType "swiss"]
[EventRounds "9"]
[EventCountry "ESP"]
[SourceTitle "CBM 176 Extra"]
[Source "ChessBase"]
[SourceDate "2017.03.02"]
[SourceVersion "1"]
[SourceVersionDate "2017.03.02"]
[SourceQuality "1"]

1. d4 f5 2. g3 Nf6 3. Bg2 e6 4. c4 Be7 5. Nf3 0-0 6. 0-0 d5 7. b3 c6 8. Ba3 Bxa3 9. Nxa3 Ne4 10. Nc2 Nd7 11. Qd3 Qf6 12. Nd2 Qg6 13. Ne1 Ndf6 14. Nef3 Qh6 15. e3 Bd7 16. Ne5 Be8 17. f3 Ng5 18. Rac1 Bg6 19. Qe2 Bh5 20. Qf2 Nf7 21. Rc3 Nxe5 22. dxe5 Nd7 23. f4 Rac8 24. Rfc1 Nb6 25. c5 Nd7 26. b4 a6 27. Nb3 Rf7 28. Nd4 Nf8 29. a4 g5 30. b5 gxf4 31. exf4 axb5 32. axb5 cxb5 33. Nxb5 Rc6 34. Nd6 Rfc7 35. Qd4 Qg7 36. Rb1 Qe7 37. Rb5 Be2 38. Rb6 Rxb6 39. cxb6 Rxc3 40. Qxc3 Ba6 41. Bf1 Bxf1 42. Kxf1 Qg7 43. Qc7 h5 44. Qxg7+ Kxg7 45. Nxb7 Nd7 46. Nd8 Nxb6 47. Nxe6+ Kf7 48. Nd4 Kg6 49. Kf2 Nc4 50. Ke2 Nb6 51. Kd3 Nc8 52. Nc6 Kf7 53. Kd4 Ke6 54. Kc5 Kf7 55. Kxd5 Nb6+ 56. Kc5 Nd7+ 57. Kd6 Nf8 58. Nd4 Ke8 59. Nxf5 Kf7 60. Nd4 1-0

[Event "San Sebastian de los Reyes op 18th"]
[Site "San Sebastian"]
[Date "2016.12.10"]
[Round "8"]
[White "Del Campo Lobo, Joaquin"]
[Black "Alvarez Gonzalez, Eduardo"]
[Result "1/2-1/2"]
[WhiteElo "1680"]
[BlackElo "1816"]
[PlyCount "90"]
[EventDate "2016.12.03"]
[EventType "swiss"]
[EventRounds "9"]
[EventCountry "ESP"]
[SourceTitle "CBM 176 Extra"]
[Source "ChessBase"]
[SourceDate "2017.03.02"]
[SourceVersion "1"]
[SourceVersionDate "2017.03.02"]
[SourceQuality "1"]

1. d4 Nf6 2. c4 e6 3. Nf3 b6 4. g3 Bb7 5. Bg2 Be7 6. Nc3 Ne4 7. Qc2 Nxc3 8. Qxc3 d6 9. 0-0 Nd7 10. Rd1 0-0 11. b3 Bf6 12. Qc2 g6 13. Bb2 Qe7 14. Nd2 Bxg2 15. Kxg2 e5 16. d5 a5 17. e4 Bg7 18. Rf1 Rae8 19. Rae1 Bh6 20. Nb1 f5 21. f3 Rf7 22. Nc3 Ref8 23. Qe2 Nc5 24. Ba3 Nd7 25. Nb5 Qd8 26. Qd3 Nb8 27. Qe2 Na6 28. Qc2 Qf6 29. Nc3 Qd8 30. Nb5 Qd7 31. Qe2 Bg5 32. Qd3 fxe4 33. fxe4 Bd8 34. Rxf7 Rxf7 35. Rf1 Nb8 36. Rxf7 Qxf7 37. Qf3 Qxf3+ 38. Kxf3 Nd7 39. Na7 Kf7 40. Nc6 Be7 41. b4 axb4 42. Bxb4 Nf6 43. a4 Ne8 44. a5 bxa5 45. Bxa5 Bf6 1/2-1/2

[Event "San Sebastian de los Reyes op 17th"]
[Site "San Sebastian"]
[Date "2015.12.01"]
[Round "2"]
[White "Alvarez Gonzalez, Eduardo"]
[Black "Alvarez Abejon, Amilcar"]
[Result "0-1"]
[WhiteElo "1779"]
[BlackElo "2055"]
[PlyCount "82"]
[EventDate "2015.11.30"]
[EventType "swiss"]
[EventRounds "9"]
[EventCountry "ESP"]
[SourceTitle "CBM 170 Extra"]
[Source "ChessBase"]
[SourceDate "2016.02.25"]
[SourceVersion "1"]
[SourceVersionDate "2016.02.25"]
[SourceQuality "1"]

1. d4 e6 2. Nf3 f5 3. g3 Nf6 4. c4 d5 5. b3 c6 6. Bg2 Bd6 7. 0-0 Qe7 8. Bb2 0-0 9. e3 b6 10. Qc1 Bb7 11. Ba3 Bxa3 12. Nxa3 Nbd7 13. Qb2 Ne4 14. Rac1 c5 15. cxd5 Bxd5 16. Nb5 Ndf6 17. Rfd1 Qb7 18. Ne5 a6 19. Na3 Ng4 20. Rc2 Ng5 21. Bxd5 Qxd5 22. Re1 Nxe5 23. dxe5 Nf3+ 24. Kf1 Nxe1 25. Kxe1 Rfd8 26. Rd2 Qxd2+ 27. Qxd2 Rxd2 28. Kxd2 b5 29. f4 Kf7 30. h3 Ke7 31. Nb1 Kd7 32. Kc3 Kc6 33. Nd2 Rd8 34. Kc2 Rxd2+ 35. Kxd2 Kd5 36. Kd3 h5 37. a4 g6 38. h4 c4+ 39. bxc4+ bxc4+ 40. Kc3 Kc5 41. Kc2 Kb4 0-1

[Event "Collado Villalba op-B 32nd"]
[Site "Collado Villalba"]
[Date "2015.08.29"]
[Round "8"]
[White "Alvarez Gonzalez, Eduardo"]
[Black "Elguezabal Selioutin, Dario"]
[Result "1/2-1/2"]
[WhiteElo "1805"]
[BlackElo "1610"]
[PlyCount "140"]
[EventDate "2015.08.22"]
[EventType "swiss"]
[EventRounds "9"]
[EventCountry "ESP"]
[SourceTitle "EXT 2016"]
[Source "ChessBase"]
[SourceDate "2015.10.08"]
[SourceVersion "1"]
[SourceVersionDate "2015.10.08"]
[SourceQuality "1"]

1. d4 d5 2. c4 dxc4 3. Nf3 Nf6 4. Nc3 c5 5. Qa4+ Nc6 6. dxc5 e6 7. Qxc4 Nd7 8. Ne4 Nxc5 9. Bd2 Qb6 10. Bc3 Nxe4 11. Qxe4 Bb4 12. Qc4 Bd7 13. a3 Bxc3+ 14. Qxc3 0-0 15. e3 Rac8 16. Bd3 a5 17. 0-0 Nb4 18. Qb3 Nd5 19. Qxb6 Nxb6 20. Rac1 Rxc1 21. Rxc1 Rc8 22. Rxc8+ Nxc8 23. Kf1 Nd6 24. Ne5 Ba4 25. Ke2 f6 26. Nc4 Nxc4 27. Bxc4 Kf7 28. Kd2 Ke7 29. Kc3 Bc6 30. g3 e5 31. b4 axb4+ 32. Kxb4 Kd6 33. a4 Bd7 34. a5 g5 35. Bd3 h6 36. Be4 Kc7 37. Kc5 Be6 38. Bd5 Bg4 39. f4 gxf4 40. gxf4 Bd7 41. fxe5 fxe5 42. Kc4 Bc8 43. Kc5 Bd7 44. Bf3 Be6 45. Be2 Bf5 46. Kd5 e4 47. Bb5 b6 48. a6 Kb8 49. Kc6 Ka7 50. Kd5 h5 51. Ke5 Bc8 52. Kxe4 Bxa6 53. Be8 Be2 54. Kd4 Kb7 55. e4 Kc7 56. Kd5 Kd8 57. Ba4 b5 58. Bb3 Kd7 59. e5 h4 60. Kc5 Bc4 61. Bxc4 bxc4 62. Kxc4 Ke6 63. Kd4 Ke7 64. Ke3 Kf7 65. Kf4 Ke6 66. Ke4 Ke7 67. Kf5 Kf7 68. Kg4 Ke6 69. Kxh4 Kxe5 70. Kg4 Kf6 1/2-1/2